000 00374nam a2200145Ia 4500
008 220217s9999||||xx |||||||||||||| ||und||
020 _a812390276X
082 _a627.5 SIN
100 _aSingh, Alan
245 0 _aSoil engineering vol - 1
250 _a4th
260 _aCBS publishers
_bNew Delhi
_c2012
300 _aXXI, 973p.
_b695
650 _aSOIL ENGINEERING
999 _c184774
_d184774